000
00377nam a2200133Ia 4500
008
151001s9999||||xx |||||||||||||| ||und||
100
_a
कुहेली भट्टाचार्य
245
_a
परिचित अपरिचित चेहरे
250
_a
1
260
_b
जान्हवी
260
_c
२०११
300
_a
75
365
_b
24
999
_c
1000641
_d
1000638